| 000 | 00000nam 2200000za 4500 |
| 001 | 9.668386 |
| 003 | CaOODSP |
| 005 | 20240207110929 |
| 007 | ta |
| 008 | 150407|2007||||xxc||||| f|0| 0 fre d |
| 020 | |a978-0-662-49847-6 |
| 040 | |aCaOODSP|bfre |
| 041 | |aeng |
| 041 | |afre |
| 043 | |an-cn--- |
| 086 | 1 |aSE3-29/2007 |
| 245 | 00|aLégislation électorale fédérale. |
| 260 | |aOttawa : |bÉlections Canada, |c2007. |
| 300 | |aEn pagination multiple : |bill. ; |c29 cm. + |eAvis de publication, Bon de commande (Mises à jour des Lois électorales fédérales). |
| 500 | |a«La présente codification administrative a été préparée conformément au paragraphe 554(2) de la Loi électorale du Canada.»--Avant-propos. |
| 563 | |aFeuilles mobiles |
| 590 | |a07-28|b2007-07-13 |
| 691 | 07|aSystème électoral|2gcpds |
| 710 | 2 |aÉlections Canada. |
| 776 | 0#|tFederal electoral legislation |w(CaOODSP)9.674587 |
| 791 | |tFederal electoral legislation. |eeng|w(CaOODSP)9.668385 |
| 986 | |aEC 06605 (01/07) |